Ευρωπαϊκή ιστορία : ο δυτικός πολιτισμός ; νεότεροι χρόνοι
Αποθηκεύτηκε σε:
| Κύριος συγγραφέας: | |
|---|---|
| Άλλοι συγγραφείς: | |
| Μορφή: | Βιβλίο |
| Γλώσσα: | Greek English |
| Δημοσίευση: |
Θεσσαλονίκη :
Επίκεντρο,
2006.
|
| Έκδοση: | 4η έκδ. |
| Θέματα: | |
| Ετικέτες: |
Προσθήκη ετικέτας
Δεν υπάρχουν, Καταχωρήστε ετικέτα πρώτοι!
|
MARC
| LEADER | 00000cam a2200000 i 4500 | ||
|---|---|---|---|
| 001 | 1/29238 | ||
| 008 | 130429s2006 gr | ||| |||| ||gre|| | ||
| 020 | |a 9606647358 | ||
| 035 | |l 10114340 | ||
| 040 | |a GR-MyUa |b gre |e AACR2 | ||
| 041 | 1 | |a gre |h eng | |
| 082 | 7 | |a 940.2 |2 (22) | |
| 100 | 1 | |a Burns, Edward McNall, |d 1897-1972. | |
| 245 | 1 | 0 | |a Ευρωπαϊκή ιστορία : |b ο δυτικός πολιτισμός ; νεότεροι χρόνοι / |c E.M. Burns ; επιμέλεια-πρόλογος: Ι.Σ. Κολιόπουλος. |
| 250 | |a 4η έκδ. | ||
| 260 | |a Θεσσαλονίκη : |b Επίκεντρο, |c 2006. | ||
| 300 | |a 1085 σ. : |b εικ. ; |c 24 εκ. | ||
| 500 | |a Μετάφραση μέρους του: Western civilizations: their history and culture. | ||
| 504 | |a Βιβλιογραφία: σ. 1081-1085. | ||
| 650 | 0 | |a Civilization, Western. | |
| 651 | 0 | |a Europe |x History. | |
| 651 | 0 | |a Europe |x Civilization. | |
| 700 | 1 | |a Κολιόπουλος, Ιωάννης Σ., |d 1942- |e edt |e aui | |
| 852 | |a INST |b LESVOS |c EUDOXUS |e 20150514 |h 940.2 BUR |p 005100056563 |q 005100056563 |t EDX |y 0 | ||
| 852 | |a INST |b RHODES |c EUDOXUS |e 20130429 |h 940.2 BUR |p 005400035151 |q 005400035151 |t EDX |y 0 | ||
| 852 | |a INST |b RHODES |c EUDOXUS |e 20140110 |h 940.2 BUR |p 005400035987 |q 005400035987 |t EDX |y 0 | ||
| 852 | |a INST |b RHODES |c EUDOXUS |e 20141215 |h 940.2 BUR |p 005400037305 |q 005400037305 |t EDX |y 0 | ||
| 852 | |a INST |b RHODES |c EUDOXUS |e 20170201 |h 940.2 BUR |p 005400039093 |q 005400039093 |t EDX |y 0 | ||
| 852 | |a INST |b SYROS |c EUDOXUS |e 20190508 |h 940.2 BUR |p 005500013672 |q 005500013672 |t EDX |y 0 | ||
| 901 | |a BIBL4-2013-1 | ||
| 901 | |a BIBL4-2014-1 | ||
| 901 | |a BIBL4-2014-3 | ||
| 920 | |a Εύδοξος |b Παραγγελία |y Ρόδος-ΤΜΣ |z 2013-04 | ||
| 920 | |a Εύδοξος |b Παραγγελία |y Ρόδος-ΤΜΣ |z 2013-12 | ||
| 920 | |a Εύδοξος |b Παραγγελία |y Ρόδος-ΤΜΣ |z 2013-12 | ||
| 920 | |a Εύδοξος |b Παραγγελία-ΤΚΑΙ |y Λέσβος |z 2015-04 | ||
| 970 | |z 2013/04/29 | ||
| 920 | |a Εύδοξος |b Παραγγελία |y Ρόδος-ΤΜΣ |z 2017-01 | ||
| 920 | |a Εύδοξος |b Παραγγελία |y Σύρος-ΤΜΣΠΣ |z 2019-05 | ||